Химический состав и изотопы стронция рассолов Тунгусского бассейна в связи с проблемой их формирования; Геохимия; № 11

Podrobná bibliografie
Parent link:Геохимия: ежемесячный журнал/ Российская академия наук (РАН).— , 1956-.— 0016-7525
№ 11.— 2000.— С. 1170-1184
Hlavní autor: Шварцев С. Л. Степан Львович
Shrnutí:Приводятся результаты изучения химического состава и изотопного отношения Sr рассолов С1-Са, Cl-Ca-Na- и Cl-Na-типов, развитых в Тунгусском бассейне, общая минерализация которых колеблется в пределах 87-626 г/л, рН составляет 2.9-7.7, изотопные отношения Sr 0.70825 + 5-0.72010 ± 11. Показано, что по составу исследуемые рассолы резко отличаются от морской рапы, формирую- щейся на стадии садки галита. На основе применения ряда генетических коэффициентов установлено, что рассолы делятся на инфильтрационные и седиментационные, хотя часть первых смешана с седиментационными, а вторых - с инфильтрационными пресными и солеными. Седиментационные рассолы сильно метаморфизованы, что проявляется в росте в них содержаний Са, Sr, Br и радиоген- ного 87Sr. Анализ изотопного отношения Sr показывает, что все без исключения рассолы в той или иной степени взаимодействуют с алюмосиликатными минералами терригенных пород или пород фундамента, что привело к их обогащению радиогенным Sr от 2 до 100%. По типу стронциевой ме- таморфизации выделены два типа рассолов: 1) рассолы, метаморфизующиеся в сульфатно-карбо- натных породах, которые отличаются низким содержанием 87Sr и 2) рассолы, метаморфизующиеся в алюмосиликатных породах с высоким содержанием 87Sr.
Jazyk:ruština
Vydáno: 2000
Témata:
Médium: Kapitola
KOHA link:https://koha.lib.tpu.ru/cgi-bin/koha/opac-detail.pl?biblionumber=409375

MARC

LEADER 00000naa2a2200000 4500
001 409375
005 20231101071126.0
035 |a (RuTPU)RU\TPU\prd\63137 
090 |a 409375 
100 |a 20090303a2000 k y0rusy50 ca 
101 0 |a rus 
102 |a RU 
200 1 |a Химический состав и изотопы стронция рассолов Тунгусского бассейна в связи с проблемой их формирования  |f С. Л. Шварцев 
330 |a Приводятся результаты изучения химического состава и изотопного отношения Sr рассолов С1-Са, Cl-Ca-Na- и Cl-Na-типов, развитых в Тунгусском бассейне, общая минерализация которых колеблется в пределах 87-626 г/л, рН составляет 2.9-7.7, изотопные отношения Sr 0.70825 + 5-0.72010 ± 11. Показано, что по составу исследуемые рассолы резко отличаются от морской рапы, формирую- щейся на стадии садки галита. На основе применения ряда генетических коэффициентов установлено, что рассолы делятся на инфильтрационные и седиментационные, хотя часть первых смешана с седиментационными, а вторых - с инфильтрационными пресными и солеными. Седиментационные рассолы сильно метаморфизованы, что проявляется в росте в них содержаний Са, Sr, Br и радиоген- ного 87Sr. Анализ изотопного отношения Sr показывает, что все без исключения рассолы в той или иной степени взаимодействуют с алюмосиликатными минералами терригенных пород или пород фундамента, что привело к их обогащению радиогенным Sr от 2 до 100%. По типу стронциевой ме- таморфизации выделены два типа рассолов: 1) рассолы, метаморфизующиеся в сульфатно-карбо- натных породах, которые отличаются низким содержанием 87Sr и 2) рассолы, метаморфизующиеся в алюмосиликатных породах с высоким содержанием 87Sr. 
461 0 |0 (RuTPU)RU\TPU\prd\1425  |x 0016-7525  |t Геохимия  |o ежемесячный журнал  |f Российская академия наук (РАН)  |d 1956- 
463 0 |0 (RuTPU)RU\TPU\prd\62859  |t № 11  |v С. 1170-1184  |d 2000 
610 1 |a труды учёных ТПУ 
700 1 |a Шварцев  |b С. Л.  |c российский гидрогеолог, доктор геолого-минералогических наук  |c профессор Томского политехнического университета, академик РАЕН  |f 1936-  |g Степан Львович  |2 stltpush  |3 (RuTPU)RU\TPU\pers\25914  |4 070 
801 1 |a RU  |b 63413507  |c 20090303  |g PSBO 
801 2 |a RU  |b 63413507  |c 20130322  |g PSBO 
942 |c BK